Countries with same Ending Quiz Stats

 Plays Quiz not verified by Sporcle

Also try: European Mix-Up
Challenge
Share
Tweet
Embed
Score 0/81 Timer 10:00
0 Plays Today
Hint Answer % Correct
-stanPakistan
93.7%
-stanAfghanistan
93.5%
-stanTurkmenistan
91.6%
-stanUzbekistan
90.7%
-stanKazakhstan
90.5%
-stanKyrgyzstan
88.9%
-stanTajikistan
88.2%
-iaAustralia
87.4%
-daCanada
86%
-and(s)Iceland
85.4%
-iaAustria
84%
-ia Romania
84%
-iaLatvia
82.8%
-and(s)Ireland
82.8%
-and(s)Finland
82.8%
-eaGuinea
82.8%
-iaAlgeria
82.3%
-iaIndonesia
82.3%
-ia India
82.3%
-iaBulgaria
81.9%
-ia Lithuania
81.8%
-ia Slovakia
81.6%
-ia Russia
80.9%
-iaAlbania
80.5%
-ia Estonia
79.8%
-iaSlovenia
79.6%
-ia Colombia
77.4%
Hint Answer % Correct
-iaSerbia
77.2%
-and(s)Poland
77%
-eaEritrea
76.5%
-ia Nigeria
76.1%
-iaSomalia
76.1%
-eaSouth Korea
76%
-eaNorth Korea
76%
-iaEthiopia
75.8%
-and(s)New-Zealand
75.6%
-and(s)Swaziland
75.3%
-and(s)Netherlands
75.1%
-iaCroatia
74.4%
-iaCambodia
74.2%
-iaArmenia
74%
-ia Tanzania
74%
-iaMalaysia
73.9%
-and(s)Switzerland
73.7%
-eaPapua New Guinea
73.7%
-naArgentina
73.2%
-ic(a)Dominica
73%
-and(s)Marshall Islands
72.6%
-iaBolivia
71.9%
-ia Namibia
71.6%
-ia Tunisia
71.4%
-ia Zambia
71.1%
-ia Macedonia
70.7%
-iaSyria
70.7%
Hint Answer % Correct
-ic(a)United States of America
70.7%
-and(s)Solomon Islands
70.5%
-eaEquatorial Guinea
70.4%
-ia Saudi Arabia
70%
-iaGeorgia
69.8%
-ia Liberia
69.5%
-iaMongolia
68.8%
-and(s)Thailand
68.1%
-naChina
67.9%
-ia Mauritania
67.5%
-ic(a)Central African Republic
66.7%
-ic(a)Czech Republic
66.7%
-daRwanda
65.8%
-ia Gambia
65.4%
-daGrenada
65.1%
-ic(a)Dominican Republic
64.9%
-daUganda
63.9%
-naGhana
63.5%
-naGuyana
62.8%
-naBosnia & Herzegovina
61.8%
-ic(a)South Africa
61.2%
-ia Micronesia
60%
-ia Saint Lucia
56.8%
-naBotswana
55.6%
-ic(a)Costa Rica
53.9%
-ic(a)Jamaica
48.8%
-daAntigua & Barbuda
42.1%

You're not logged in!

Compare scores with friends on all Sporcle quizzes.
OR
Log In

You Might Also Like...

Show Comments

Extras

Created Oct 3, 2010ReportNominate
Tags:Country Quiz, ending, extra, heading, same

Top Quizzes Today


Score Distribution

Your Account Isn't Verified!

In order to create a playlist on Sporcle, you need to verify the email address you used during registration. Go to your Sporcle Settings to finish the process.

Report this User

Report this user for behavior that violates our Community Guidelines.

Details: